Strojní závitníky, jejich používání a údržba /

Saved in:
Bibliographic Details
Main Authors: Roček, Vladimír (Author), Procházka, Zdeněk (Author)
Format: Book
Language:Czech
Published: Praha : SNTL, 1974
Edition:1.vyd.
Subjects:
Tags: Add Tag
No Tags, Be the first to tag this record!

MARC

LEADER 00000nam a22000003a 4500
001 stu41398
005 20150617225719.2
008 931123s1974----cs------------------cze-d
040 |a STU  |b slo 
041 0 |a cze 
044 |a cs 
080 |a 621.993-7 
100 1 |a Roček, Vladimír  |4 aut 
245 1 |a Strojní závitníky, jejich používání a údržba /  |c [aut.]Vladimír Roček, Zdeněk Procházka 
250 |a 1.vyd. 
260 |a Praha :  |b SNTL,  |c 1974 
300 |a 144 s 
650 7 |a Závitníky  |2 stusub 
650 7 |a údržba a použitie  |2 stusub 
700 1 |a Procházka, Zdeněk  |4 aut 
996 |b 284M035885  |c M*2363-1  |l MMKN  |s A  |a 24  |w stu41398_0001